000 00491nam a2200157 i 4500
001 57128
003 ES-MaACL
005 20230906163523.0
007 t|
008 031015s1917 it ||||1| ita d
100 1 _aDonne, Michele della.
_945326
245 1 0 _aSaggio critico sul Diritto Publico italiano in rapporto alle attuali tendenze economiche /
_cMichele della Donne.
260 _aTorino :
_b[s.n.,
_c1917] (
_fVicenzo Bona)
300 _a262 p. ;
_c24 cm.
852 _aES-MaACL
_jD-547
999 _c57128
_d57128